South American Countries - Statistics

General Stats
  • This quiz has been taken 21 times
  • The average score is 12 of 14
Answer Stats
Hint Answer % Correct
2nd Argentina
100%
1st Brazil
100%
4th Colombia
100%
8th Paraguay
100%
3rd Peru
100%
11th Uruguay
100%
6th Venezuela
100%
5th Bolivia
95%
7th Chile
95%
9th Ecuador
95%
10th Guyana
95%
12th Suriname
95%
14th (overseas) France, French Guyana
11%
13th (overseas) UK, Falklands
0%
No matching quizzes found
Score Distribution
Percent of People with Each Score
Percentile by Number Answered
Your Score History
You have not taken this quiz